000 01474nam a2200301 i 4500
001 124314
003 ES-MaACL
005 20250808062728.0
007 t|
008 070529s2007 sp |||| |aspa d
020 _a978-84-7914-862-1
080 _a081 Menéndez y Pelayo, Marcelino
100 1 _aMenéndez y Pelayo, Marcelino,
_d1856-1912
_eaut
_980332
245 1 0 _aAntología general de Menéndez Pelayo
_b: recopilación orgánica de su doctrina /
_cJosé María Sánchez de Muniain ; prólogo de Ángel Herrera Oria.
250 _a2ª ed. conmemorativa del 150 aniversario del nacimiento de Marcelino Menéndez Pelayo.
260 _aMadrid :
_bBiblioteca de Autores Cristianos,
_c2007.
300 _a2 v. ;
_c20 cm.
490 1 _aBiblioteca de autores cristianos ;
_v155-156
500 _aÍndices.
505 8 _a1. Autobiografía y autorretrato. Juicios doctrinales. Juicios de historia de la filosofía. Historia general y cultural de España. Apéndices - 2. Historia de las ideas estéticas. Historia de la literatura española. Notas de historia de la literatura universal. Selección poética. Índices
600 1 7 _aMenéndez y Pelayo, Marcelino,
_d1856-1912
_2embne
_980332
700 1 _aSánchez de Muniain y Gil, José María.
_9102590
_epbl
700 1 _aHerrera Oria, Ángel,
_d1886-1968
_963232
_eaui
830 1 0 _aBiblioteca de autores cristianos
_v155-156
_9178679
852 _aES-MaACL
_jJ-153-54
942 _2udc
999 _c124314
_d124314